| 000 | 01433nam0a2200337 4500 | ||
|---|---|---|---|
| 001 | RU\NLR\bibl\873906 | ||
| 005 | 20260405085608.0 | ||
| 021 |
_aRU _b2005-32444п _91231п |
||
| 035 | _a(NLR Aleph) 000862514 | ||
| 090 |
_a1548829 _c1548829 |
||
| 100 | _a20051117d2005 |||y0rusy50 ca | ||
| 101 | 0 | _arus | |
| 102 | _aRU | ||
| 105 | _aa ||||||||| | ||
| 200 | 1 |
_aМед и алоэ: опыт вестника "ЗОЖ" _fс коммент. д-ра Печеневского |
|
| 210 |
_aМосква _cРедакция вестника "Здоровый образ жизни" _d2005 |
||
| 215 |
_a127 с. _cил. _d20 |
||
| 225 | 1 |
_aБиблиотечка "ЗОЖ" _vN°7/31, 2005 |
|
| 225 | 1 | _aПредупреждение-плюс | |
| 311 | _aПрил. к вестнику "Здоровый образ жизни" | ||
| 422 | 0 |
_12001#$aЗдоровый образ жизни$eвестник _tЗдоровый образ жизни |
|
| 606 | 1 |
_aМед _xЛечебное применение _91016629 _3RU\NLR\auth\6670161 |
|
| 606 | 1 |
_aАлоэ _xЛечебное применение _9941507 _3RU\NLR\auth\6629777 |
|
| 686 | _aР351.122 | ||
| 686 | _aР282.111 Алоэ | ||
| 702 | 1 |
_4210 _8rus _7ca _aПеченевский _bА. В. _gАлександр Васильевич _3RU\NLR\auth\7731523 _914533 |
|
| 801 | 0 |
_aRU _bNLR _c20051117 _grcr |
|
| 801 | 1 |
_aRU _bNLR _c20051117 |
|
| 942 | _cBOOK | ||
| 980 | _aNB | ||